000 00950cam a2200253 i 4500
003 SA-RiAUC
005 20251230063157.0
008 251229s1992 su g 000r0bara c
040 _aSA-JeALM
_bara
_cSA-RiAUC
_erda
082 0 4 _a252.3
090 _a252.3
_bا ن ي
100 1 _aالأنيس، عبدالحكيم .
_eمؤلف.
245 1 0 _aالنبي صلى الله عليه وسلم في رمضان /
_cبقلم عبدالحكيم الأنيس .
250 _aالطبعة الاولى.
264 1 _aدبي :
_bدار البحوث للدراسات الإسلامية وإحياء التراث،
_c2003
300 _a88 صفحة ؛
_c18 سم.
336 _aنص
_btxt
_2rdacontent
_3كتاب
337 _aبدون وسيط
_bn
_2rdamedia
490 _aالرسائل
_v7
650 7 _aالصوم (إسلام)
_2aucsh
650 7 _aالسيرة النبوية
_2aucsh
942 _2ddc
_cBOOK
_n0
949 _aSA-JeALM
_d251229
_uosman123
_n1
999 _c13800
_d13800